Größte deutsche Städte mit 100.000 Einwohner (mit Karte) - Statistiken

Allgemein
  • Dieses Quiz wurde 591 mal gespielt
  • Das Durchschnittsergebnis liegt bei 60 aus 80
Antworten auf der Karte
Die Antworten werden auf der Karte rot bzw. grün angezeigt, abhängig davon wie oft sie richtig erraten wurden.
 
Antwortstatistiken
Einwohner Stadt % Korrekt
3.685.265 Berlin
99%
1.862.565 Hamburg
99%
586.271 Bremen
98%
1.505.005 München
98%
756.021 Frankfurt am Main
97%
1.024.621 Köln
96%
612.663 Stuttgart
96%
564.904 Dresden
95%
522.131 Hannover
95%
252.668 Kiel
95%
603.462 Dortmund
94%
618.685 Düsseldorf
94%
611.850 Leipzig
94%
529.508 Nürnberg
94%
224.684 Mainz
92%
182.971 Saarbrücken
91%
218.793 Erfurt
90%
574.682 Essen
90%
184.754 Potsdam
90%
237.460 Freiburg im Breisgau
89%
244.329 Magdeburg
88%
205.307 Rostock
88%
301.105 Augsburg
85%
262.670 Aachen
84%
267.930 Gelsenkirchen
84%
318.035 Mannheim
84%
331.605 Bielefeld
83%
323.336 Bonn
83%
109.725 Jena
83%
309.050 Karlsruhe
83%
197.230 Kassel
82%
288.850 Wiesbaden
82%
129.560 Wolfsburg
82%
248.561 Braunschweig
81%
245.618 Chemnitz
81%
502.270 Duisburg
81%
358.676 Bochum
80%
308.258 Münster
80%
151.389 Regensburg
80%
226.767 Halle (Saale)
79%
166.057 Osnabrück
78%
129.882 Ulm
78%
118.610 Bremerhaven
77%
132.036 Fürth
77%
141.185 Ingolstadt
76%
267.213 Mönchengladbach
76%
133.258 Würzburg
76%
216.889 Lübeck
75%
104.342 Trier
74%
358.193 Wuppertal
74%
176.614 Oldenburg
73%
156.378 Paderborn
73%
167.029 Darmstadt
72%
155.756 Heidelberg
71%
168.581 Leverkusen
71%
100.426 Kaiserslautern
70%
113.378 Koblenz
70%
177.222 Ludwigshafen am Rhein
67%
132.746 Offenbach am Main
66%
115.928 Erlangen
62%
213.646 Oberhausen
62%
127.259 Göttingen
61%
179.968 Hamm
60%
155.851 Herne
57%
231.406 Krefeld
57%
102.685 Siegen
56%
126.458 Heilbronn
55%
104.970 Salzgitter
54%
165.626 Solingen
54%
190.384 Hagen
52%
115.344 Recklinghausen
51%
118.535 Bottrop
50%
100.479 Gütersloh
48%
134.912 Pforzheim
48%
111.361 Bergisch Gladbach
47%
173.050 Mülheim an der Ruhr
46%
154.317 Neuss
46%
118.852 Reutlingen
46%
101.503 Moers
42%
113.828 Remscheid
42%
Keine übereinstimmenden Quizze gefunden
Verteilung der Resultate
Anzahl Personen mit jedem Resultat
Perzentil nach korrekt beantworteten Fragen
Ihre Resultats-Entwicklung
Sie haben dieses Quiz noch nicht gespielt